000 00687nam a2200193Ia 4500
008 090201s9999 xx 000 0 und d
010 _aKPL-70358
020 _a81-7766-658-4
040 _bमराठी
041 _aमराठी
082 _a49934
_b70358
100 _aसुनीलकुमार लवटे
245 _aखाली जमीन वर आकाश (रामबाग)
_cसुनीलकुमार लवटे
250 _a1
260 _c2006
_bमेहता पब्लिशिंग हाऊस
300 _a203
_bमध्यम
600 _aखाली जमीन वर आकाश (रामबाग)
942 _cBOOK
999 _c246489
_d246489